000 00765nam0a22002411 4500
001 RU\NLR\BIBL_A\022631890
005 20260628200428.0
035 _a(NLR Aleph) 022631890
090 _a13741689
_c13741689
100 _a20250926d1979 y0rusy50 ca
101 1 _arus
102 _aRU
105 _ay z 000yy
200 1 _aВзаимоотношения Монголии и Средней Азии в XVII-XVIII вв.)
_fШ.Б. Чимитдоржиев
210 _aМ.
_cНаука
_d1979
215 _a85 с.
700 1 _aЧимитдоржиев
_bШ. Б.
_gШирап Бодиевич
_4070
852 _aNLR
_bОЛСАА-сл-спр
_j2-2229
942 _cBOOK
980 1 _aSL_SPR
980 1 _aSL_SPR
980 _aNB